Company By Product Quiz Stats

 Plays Quiz Updated Jan 24, 2012

Support Sporcle.
Go Orange.
Score 0/24 Timer 05:00
1 Play Today
Product/Service Company % Correct
Bing, Windows, ExcelMicrosoft
96.4%
Chicken McNuggets, Big Mac, Happy MealMcDonalds
95.7%
Focus, F-150, MustangFord
95.4%
Macbook, iPad, SafariApple
95.2%
Game Boy, GameCube, WiiNintendo
88.2%
Bravia, Playstation, WalkmanSony
86.1%
Sprite, Barq's, FantaCoca-Cola
84.7%
4-Runner, Corolla, PriusToyota
83.7%
Photoshop, Acrobat, InDesignAdobe
76.8%
Special Dark, Kisses, Milk DudsHershey
74.8%
Corn Flakes, Special K, Froot LoopsKellogg's
72.7%
Passat, Golf, VanagonVolkswagen
70.6%
Product/Service Company % Correct
747, Dreamliner, B-52Boeing
68.2%
Twinkie, Ho Hos, Sno BallsHostess
60%
Barbie, Pictionary, MatchboxMattel
59.9%
Oreos, Fig Newtons, TriscuitsNabisco
58.9%
IMDB, Kindle, AlexaAmazon
54.4%
Creme Egg, Dairy Milk, FlakeCadbury
52.3%
Crest, Gillette, TideProcter & Gamble
39.5%
Viagra, Lipitor, AccuprilPfizer
27.9%
FOX, The Sun, New York PostNewsCorp
17.8%
Teflon, Kevlar, CorianDuPont
16.6%
Dinty Moore, SPAM, Jennie-OHormel
16.1%
PS/2, Deep Thought, DeveloperWorksIBM
13.4%

You're not logged in!

Compare scores with friends on all Sporcle quizzes.
OR
Log In
Forgot?

From the Vault

3-D Music

by samc67

Music 3m
We're curious just what exactly 3D music would look like.
Remove Ads.
Support Sporcle.
Get the best of Sporcle when you Go Orange. This ad-free experience offers more features, more stats, and more fun while also helping to support Sporcle. Thank you for becoming a member.

Show Comments

Extras

Top Quizzes Today


Score Distribution

Your Account Isn't Verified!

In order to create a playlist on Sporcle, you need to verify the email address you used during registration. Go to your Sporcle Settings to finish the process.

Report this User

Report this user for behavior that violates our Community Guidelines.

Details: